000 01456nam a2200349Ia 4500
001 ebr10276605
003 CaPaEBR
006 m u
007 cr cn|||||||||
008 080828s2008 enk sb 001 0 eng d
010 _z 2008037959
020 _z9780754666288
020 _z075466628X
040 _aCaPaEBR
_cCaPaEBR
035 _a(OCoLC)608623427
050 1 4 _aB1402.E55
_bE44 2008eb
100 1 _aEmerson, Roger L.
245 1 0 _aEssays on David Hume, medical men and the Scottish Enlightenment
_h[electronic resource] :
_bindustry, knowledge and humanity /
_cRoger L. Emerson.
260 _aFarnham, England ;
_aBurlington, VT :
_bAshgate,
_cc2008.
300 _axvi, 295 p.
490 1 _aScience, technology, and culture, 1700-1945
504 _aIncludes bibliographical references (p. [249]-278) and index.
533 _aElectronic reproduction.
_bPalo Alto, Calif. :
_cebrary,
_d2011.
_nAvailable via World Wide Web.
_nAccess may be limited to ebrary affiliated libraries.
600 1 0 _aHume, David,
_d1711-1776.
650 0 _aPhilosophy, Scottish
_y18th century.
650 0 _aEnlightenment
_zScotland.
651 0 _aScotland
_xIntellectual life
_y18th century.
655 7 _aElectronic books.
_2local
710 2 _aebrary, Inc.
830 0 _aScience, technology, and culture, 1700-1945.
856 4 0 _uhttp://site.ebrary.com/lib/rucke/Doc?id=10276605
_zAn electronic book accessible through the World Wide Web; click to view
999 _c5503
_d5503